Szczegóły MARC21

Wagnisfinanzierung und technologieorientierte Unternehmensgründung : ein deutsch-amerikanisches Seminar /

003 -Nazwa inst., której nr kontr. jest w polu 001 [,]
    • @
    • Nazwa instytucji, której n kontrolny jest w polu 001
    • NUKAT
005 -DATA I CZAS OSTATNIEJ MODYFIKACJI [,]
    • @
    • pole kontrolne
    • 20260422095548.0
020 -Międzynarod. znormalizowany nr książki - ISBN [ , ]
    • a
    • Numer ISBN
    • 3883680931 Find
040 -Instytucja sporządzająca opis [ , ]
    • a
    • Instytucja, która sporządziła opis (NP)
    • SZCZ U/JS
    • b
    • Język katalogowania
    • pol
    • e
    • Zasady katalogowania
    • rda
    • c
    • Instytucja, która sporządziła rekord (NP)
    • SZCZ U/JSs
942 -Rodzaj dokumentu [ , ]
    • c
    • Rodzaj dokumentu
    • Książka
245 -Strefa tytułu i oznaczenia odpowiedzialności [0,0]
    • a
    • Tytuł
    • Wagnisfinanzierung und technologieorientierte Unternehmensgründung : Find
    • b
    • Ciąg dalszy tytułu (NP)
    • ein deutsch-amerikanisches Seminar / Find
    • c
    • Pozostałe elementy strefy tytułu i oznaczenia odpowiedzialności (NP)
    • veranstaltet vom Bundesministerium für Forschung und Technologie in Zusammenarbeit mit dem Sozialwissenschaftlichen Forschungsinstitut der Konrad-Adenauer-Stiftung ; mit Beiträgen von: Ernst Biekert [i 14 innych] ; Redaktion: Peter R. Weilemann.
260 -Strefa adresu wydawniczego [ , ]
    • a
    • Miejsce wydania (P)
    • Melle :
    • b
    • Nazwa wydawcy (P)
    • Verlag Ernst Knoth,
    • c
    • Data wydania (P)
    • 1984.
300 -Strefa opisu fizycznego [ , ]
    • a
    • Określenie formy książki i/lub objętość (NP)
    • 159 stron :
    • b
    • Oznaczenie ilustracji (NP)
    • ilustracje ;
    • c
    • Format (NP)
    • 24 cm.
336 -Typ zawartości [ , ]
    • a
    • Termin opisujący typ zawartości
    • Tekst
    • b
    • Kod określający zawartość
    • txt
    • 2
    • Źródło (terminu i kodu)
    • rdacontent
337 -Typ mediów [ , ]
    • a
    • Tryb odtwarzania
    • Bez urządzenia pośredniczącego
    • b
    • Kod typu mediów
    • n
    • 2
    • Źródło (terminu i kodu)
    • rdamedia
338 -Typ/rodzaj nośnika [ , ]
    • a
    • Hasło opisujące typ nośnika
    • Wolumin
    • b
    • Kod typu nośnika
    • nc
    • 2
    • Źródło (terminu i kodu)
    • rdacarrier
490 -Strefa serii i książki wielotomowej - forma nie do wyszukiwania [1, ]
    • a
    • Tytuł (P)
    • Forschungsbericht ; Find
    • v
    • Numeracja (P)
    • 41
830 -Hasło dodatkowe serii i opisu książki wielotomowej - tytuł ujednolicony/tytuł [ ,0]
    • a
    • Tytuł ujednolicony/tytuł (NP)
    • Forschungsbericht - Konrad-Adenauer-Stiftung
    • v
    • Oznaczenie tomu (NP)
    • 41
    • 9
    • KHW
    • 443072
650 -Hasło przedmiotowe [ ,7]
    • a
    • Hasło przedmiotowe
    • Kapitał o zwiększonym ryzyku
    • v
    • Określnik formalny
    • konferencje.
    • 2
    • Źródło terminu
    • kaba
    • 9
    • KHW
    • 442987
650 -Hasło przedmiotowe [ ,7]
    • a
    • Hasło przedmiotowe
    • Spin off (zarządzanie akademickie)
    • v
    • Określnik formalny
    • konferencje.
    • 2
    • Źródło terminu
    • kaba
    • 9
    • KHW
    • 442986
700 -Hasło dodatkowe - nazwa osobowa [1, ]
    • a
    • Nazwa osobowa (NP)
    • Weilemann, Peter R. Find
    • d
    • Daty biograficzne (NP)
    • (1949-2010).
    • e
    • Określenie rodzaju współpracy
    • Redakcja
    • 9
    • KHW
    • 443069
700 -Hasło dodatkowe - nazwa osobowa [1, ]
    • a
    • Nazwa osobowa (NP)
    • Bieker, Ernst Find
    • d
    • Daty biograficzne (NP)
    • (1924-2013).
    • e
    • Określenie rodzaju współpracy
    • Redakcja
    • 9
    • KHW
    • 443070
710 -Hasło dodatkowe - nazwa ciała zbiorowego [2, ]
    • a
    • Nazwa ciała zbiorowego lub nazwa geograficzna jako pierwszy element (NP)
    • Konrad-Adenauer-Stiftung.
    • 9
    • KHW
    • 79642
710 -Hasło dodatkowe - nazwa ciała zbiorowego [2, ]
    • a
    • Nazwa ciała zbiorowego lub nazwa geograficzna jako pierwszy element (NP)
    • Ernst Knoth Druckerei und Verlag.
    • e
    • Rodzaj współpracy
    • Wydawca
    • 4
    • Kod relacji
    • pbl
    • 9
    • KHW
    • 443071
920 -ISBN [ , ]
    • a
    • ISBN
    • 3-88368-093-1 Find
Numer inwentarzowy Status udost. Lokalizacja Data inwentaryzacji
T.19904-2T2017-12-06